[Event "AUS-ch Major"]
[Site "Sydney"]
[Date "2020.01.04"]
[Round "3"]
[White "Wen, Aiden"]
[Black "Venkat, Ishan"]
[Result "1-0"]
[WhiteElo "1463"]
[BlackElo "1419"]
[PlyCount "109"]
[EventDate "2020.01.02"]
[EventType "swiss"]
[EventRounds "11"]
[EventCountry "AUS"]
[SourceTitle "EXT 2021"]
[Source "ChessBase"]
[SourceDate "2020.10.23"]
[SourceVersion "1"]
[SourceVersionDate "2020.10.23"]
[SourceQuality "1"]

1. e4 e5 2. Nf3 Nc6 3. Bc4 Bc5 4. Nc3 Nf6 5. d3 d6 6. h3 Be6 7. Bb3 Nd4 8. Nxd4 Bxd4 9. Be3 Bb6 10. 0-0 Qd7 11. Bxb6 axb6 12. d4 Bxh3 13. dxe5 dxe5 14. gxh3 Qxh3 15. Qd3 Qh5 16. Kg2 Rg8 17. Rh1 Qg4+ 18. Qg3 Qxg3+ 19. Kxg3 c6 20. f3 Rd8 21. Rad1 Rxd1 22. Rxd1 Ke7 23. Na4 Nd7 24. Bxf7 Rf8 25. Bb3 b5 26. Nc3 Rf4 27. Ne2 Rf6 28. Kf2 Nc5 29. Ng3 g6 30. Ke3 Nd7 31. c3 Nb6 32. Ne2 g5 33. Ng3 Nc8 34. Nf5+ Ke8 35. Rd3 Rg6 36. Rd1 h5 37. Rg1 Ne7 38. Be6 Kf8 39. Nxe7 Kxe7 40. Bf5 Rg7 41. Rd1 Ke8 42. Rd6 h4 43. Rg6 Rxg6 44. Bxg6+ Ke7 45. Bf5 Kd8 46. Kf2 b6 47. Kg2 Ke7 48. Kh3 c5 49. Kg4 Kf6 50. Bd7 b4 51. cxb4 cxb4 52. Bf5 b3 53. axb3 b5 54. b4 Ke7 55. Kxg5 1-0

[Event "AUS-ch Major"]
[Site "Cammeray"]
[Date "2018.01.11"]
[Round "10"]
[White "Wen, Aiden"]
[Black "Bracks, Sebastian"]
[Result "0-1"]
[WhiteElo "724"]
[BlackElo "1311"]
[PlyCount "248"]
[EventDate "2018.01.02"]
[EventType "swiss"]
[EventRounds "11"]
[EventCountry "AUS"]
[SourceTitle "CBM 182 Extra"]
[Source "ChessBase"]
[SourceDate "2018.02.23"]
[SourceVersion "1"]
[SourceVersionDate "2018.02.23"]
[SourceQuality "1"]

1. e4 e5 2. Nf3 Nc6 3. Bc4 Nf6 4. d3 Bc5 5. Nc3 h6 6. Be3 Bb6 7. 0-0 0-0 8. Qd2 d6 9. h3 Be6 10. Bb3 Na5 11. Na4 Nxb3 12. axb3 Re8 13. Nxb6 axb6 14. Qc3 Qd7 15. Rfd1 c5 16. b4 Qb5 17. bxc5 bxc5 18. b3 b6 19. Qb2 c4 20. dxc4 Bxc4 21. Rxd6 Nd7 22. Rad1 Ra7 23. Qc3 Be6 24. Qd3 Qa5 25. Bd2 Qc5 26. Be3 Qc7 27. Kh2 f6 28. Rd2 Nc5 29. Bxc5 Qxc5 30. Rd8 Ra8 31. Rxa8 Rxa8 32. Qd6 Bf7 33. Qxc5 bxc5 34. Kg3 Bg6 35. Re2 Ra2 36. Nh4 Bf7 37. Kf3 Ra3 38. Nf5 c4 39. Re3 cxb3 40. cxb3 Rxb3 41. Kg4 Rb2 42. Kf3 Rb4 43. Kg3 Kh7 44. f3 Be6 45. Ne7 Bc4 46. Ra3 Rb2 47. Kh2 Bf1 48. Ra1 Bxg2 49. Kg3 h5 50. h4 g5 51. Nf5 g4 52. fxg4 Bxe4 53. Ra7+ Kh8 54. Rf7 Rb3+ 55. Kh2 Rb2+ 56. Kh3 Rb3+ 57. Kh2 hxg4 58. Rxf6 Rf3 59. Rh6+ Kg8 60. Ne7+ Kf7 61. Nc8 Kg7 62. Re6 g3+ 63. Kg1 g2 64. Re7+ Kf8 65. Re8+ Kxe8 66. Nd6+ Kf8 67. Nxe4 Re3 68. Ng5 Rg3 69. Ne4 Rg7 70. Ng5 Ke7 71. Kxg2 Kf6 72. Kf3 Kf5 73. Ke3 Re7 74. Nf3 Rd7 75. h5 Rg7 76. Nh4+ Kf6 77. Ng6 Rh7 78. Ke4 Rxh5 79. Nf8 Rh4+ 80. Ke3 Kf5 81. Nd7 Rh3+ 82. Ke2 Kf4 83. Nc5 Rh2+ 84. Kd3 Rh3+ 85. Ke2 e4 86. Ne6+ Ke5 87. Ng5 Rg3 88. Nf7+ Kf4 89. Nd6 Rg2+ 90. Kf1 Ra2 91. Nb5 e3 92. Nc3 Rh2 93. Ne2+ Kf3 94. Nd4+ Ke4 95. Ne2 Kd3 96. Nf4+ Kd2 97. Kg1 e2 98. Kxh2 e1Q 99. Kg2 Qe4+ 100. Kg3 Ke3 101. Ng2+ Kd4 102. Nf4 Ke5 103. Nh3 Qg6+ 104. Kf3 Qf5+ 105. Kg3 Qd3+ 106. Kg4 Qf5+ 107. Kg3 Ke4 108. Nf2+ Ke3 109. Ng4+ Ke2 110. Nh6 Qg5+ 111. Ng4 Kd3 112. Kf3 Qf5+ 113. Kg3 Ke4 114. Nf2+ Ke3 115. Ng4+ Ke2 116. Nh6 Qe5+ 117. Kg4 Ke3 118. Nf5+ Kf2 119. Nh4 Qg3+ 120. Kh5 Ke2 121. Nf5 Qg1 122. Kh4 Kf3 123. Nh6 Kf4 124. Kh5 Qg5# 0-1

[Event "AUS-ch Major"]
[Site "Cammeray"]
[Date "2018.01.04"]
[Round "4"]
[White "Canfell, Mike J"]
[Black "Wen, Aiden"]
[Result "1-0"]
[WhiteElo "1844"]
[BlackElo "724"]
[PlyCount "35"]
[EventDate "2018.01.02"]
[EventType "swiss"]
[EventRounds "11"]
[EventCountry "AUS"]
[SourceTitle "CBM 182 Extra"]
[Source "ChessBase"]
[SourceDate "2018.02.23"]
[SourceVersion "1"]
[SourceVersionDate "2018.02.23"]
[SourceQuality "1"]

1. e4 e5 2. Nf3 Nc6 3. Nc3 Nf6 4. d4 exd4 5. Nxd4 Bc5 6. Be3 0-0 7. Nxc6 dxc6 8. Bxc5 Be6 9. Bxf8 Qxf8 10. Bd3 Rd8 11. 0-0 Qc5 12. Qf3 Qg5 13. Qg3 Qa5 14. Kh1 Qb6 15. Rab1 c5 16. e5 Ng4 17. Qh4 h6 18. Qxd8# 1-0